University Home | Library Home | Institutional Repository

Guia pedagogica. (Record no. 185330)

MARC details
000 -LEADER
fixed length control field 00719cam7a220022900 4500
001 - CONTROL NUMBER
control field tmp15861507
003 - CONTROL NUMBER IDENTIFIER
control field UPRA
005 - DATE AND TIME OF LATEST TRANSACTION
control field 20190830104059.0
008 - FIXED-LENGTH DATA ELEMENTS--GENERAL INFORMATION
fixed length control field 951107s1976 xx spa u
035 ## - SYSTEM CONTROL NUMBER
System control number (Sirsi) r25417
035 ## - SYSTEM CONTROL NUMBER
System control number (UPRA)tmp15861507
040 ## - CATALOGING SOURCE
Transcribing agency UPRA
100 1# - MAIN ENTRY--PERSONAL NAME
Personal name Guilbert, Jean-Jacques.
Linkage A56269.1
245 10 - TITLE STATEMENT
Title Guia pedagogica.
260 ## - PUBLICATION, DISTRIBUTION, ETC.
Place of publication, distribution, etc. Madind :
Name of publisher, distributor, etc. organizacion mundial de la Salud Fundacion Juan March,
Date of publication, distribution, etc. 1976.
504 ## - BIBLIOGRAPHY, ETC. NOTE
Bibliography, etc. note Includes bibliographical references.
650 #0 - SUBJECT ADDED ENTRY--TOPICAL TERM
Topical term or geographic name entry element Education -- Aims and objectives.
General subdivision Education -- Aims and objectives.
Linkage S3594.1
949 ## - LOCAL PROCESSING INFORMATION (OCLC)
a LB41
w lcc
i -25542
m MAIN
t BOOK
l ON-SHELF
987 ## - LOCAL ROMANIZATION/CONVERSION HISTORY (OCLC)
Romanization/conversion identifier WITHDRAWN
987 ## - LOCAL ROMANIZATION/CONVERSION HISTORY (OCLC)
Romanization/conversion identifier 260 Madind : typo?

No items available.

© 2026 - The University of Zambia Library - Koha v25.11